Slovenskí výrobcovia modernizujú a idú s dobou
Podľa nedávneho prieskumu Potravinárskej komory Slovenska a spoločnosti Go4insight pochádzajú tri z piatich potravín na pultoch obchodných reťazcov zo zahraničia. Domáca produkcia má len o niečo viac než 40%-ný podiel na vystavených produktoch v obchodoch. O reálnej podpore pre slovenských dodávateľ...
Guardado en:
| Formato: | Capítulo de libro |
|---|---|
| Lenguaje: | eslovaco |
| Materias: | |
| Etiquetas: |
Sin Etiquetas, Sea el primero en etiquetar este registro!
|
MARC
| LEADER | 00000naa a2200000 4500 | ||
|---|---|---|---|
| 001 | 0305370 | ||
| 005 | 20241129095049.2 | ||
| 041 | 0 | |a slo | |
| 044 | |a SK | ||
| 245 | 1 | 0 | |a Slovenskí výrobcovia modernizujú a idú s dobou |
| 520 | |a Podľa nedávneho prieskumu Potravinárskej komory Slovenska a spoločnosti Go4insight pochádzajú tri z piatich potravín na pultoch obchodných reťazcov zo zahraničia. Domáca produkcia má len o niečo viac než 40%-ný podiel na vystavených produktoch v obchodoch. O reálnej podpore pre slovenských dodávateľov to síce priamo nehovorí nič, no tento nelichotivý podiel naznačuje, že slovenské potravinárstvo voči zahraničiu žiaľ zaostáva. | ||
| 610 | 2 | 0 | |a potraviny |
| 610 | 2 | 0 | |a produkcia |
| 610 | 2 | 0 | |a výrobky domáce |
| 610 | 2 | 0 | |a podpora predaja |
| 610 | 2 | 0 | |a pôvod tovaru |